| 000 | 00721nam a2200253 a 4500 | ||
|---|---|---|---|
| 999 |
_c4171 _d4171 |
||
| 001 | 4171 | ||
| 003 | BD-JhCC | ||
| 005 | 20171125125247.0 | ||
| 008 | 960725s1960 enk 000 0 eng d | ||
| 035 | _a(BD-JhCC)4171 | ||
| 040 |
_aDMM _cDMM _dBUF _dBD-JhCC |
||
| 041 | _aeng | ||
| 082 |
_223 _a 882.01 _bMUR 1960 |
||
| 100 | 0 |
_aMurray, Gilbert _c1866-1957. |
|
| 245 | 1 | 0 |
_aSophocles Oedipus at Colonus / _cGilbert Murray |
| 250 | _a2nd Edi. | ||
| 260 |
_aLondon : _bAllen & Unwin, _c1960 |
||
| 300 |
_a131 p. : _c19 cm. |
||
| 500 | _aTranslated into English rhyming verse with Introduction and Notes. | ||
| 650 | _aOedipus (Greek mythological figure) | ||
| 650 | _aSophocles | ||
| 942 |
_2ddc _cBK |
||